1994 1871 1538 1008 1245 1858 1230 1226 1568 1460 1142 1975 1211 1730 1339 1435 1453 1411 1882 1573 1265 1332 1801 1686 1762 1308 1413 1128 1057 1849 1967 1730 1591 1411 1560 1598 1415 1320 1489 1584 1152 1154 1174 1191 1140 1629 1324 1528 1499 1386 1923 1884 1915 1553 1211 1654 1028 1930 1090 1435 1161 1338 1422 1399 1804 1981 1770 1064 1068 1088 1754 1644 1549 1985 1695 1871 1484 1341 1074 1827 1527 1605 1671 1982 1286 1019 1812 1823 1237 1000 1227 1789 1078 1616 1872 1031 1249 1695 1305 BCNSPRNW ULIB Ver.6.0+V

เปลี่ยนเป็นภาษาไทย

Change to English
 แสดงรายละเอียดบรรณานุกรม
  กลับหน้าหลัก

Brief Record : Get Marc (ISO 2709) : E-mail record : QR code < ปิดหน้าต่าง
LEADER : 00000nam 2200000uu 4500
001    13399125803
003     ULIB
008    170912s2559||||th 000 0 tha d
020    ^a9786162799310
060  0 ^aWY200^bย411ก
100 0  ^aยุพา จิ๋วพัฒนกุล
245 00 ^aการพยาบาลครอบครัว/^cยุพา จิ๋วพัฒนกุล
260    ^aนครปฐม :^bสำนักพิมพ์มหาวิทยาลัยมหิดล,^c2559
300    ^a248 หน้า :^bภาพประกอบ ;^c28ซม.
650  0 ^aการพยาบาล
650  0 ^aการพยาบาล,ทฤษฎี
650  0 ^aการพยาบาลในเคหสถาน
710 1  ^aมหาวิทยาลัยมหิดล
945    ^p240^l0^i25478
945    ^p240^l0^i25479
945    ^p240^l0^i25480
945    ^p240^l0^i25481
945    ^p240^l0^i25482
945    ^p240^l0^i25483
945    ^p240^l0^i25484
945    ^p240^l0^i25485
945    ^p240^l0^i25486
945    ^p240^l0^i25487
999    ^aกัณชพร จุลอักษร
รายการนี้ยังไม่มีแท็ก
คุณยังไม่ได้ล็อกอิน คุณสามารถมีกิจกรรมร่วมกับเว็บไซต์ได้ แต่ต้องล็อกอินก่อน ::
  ล็อกอิน

รายการสื่อสารสนเทศ

ลำดับที่ ประเภท เลขเรียก/บาร์โค้ด สถานที่ สถานะ
1. หนังสือสำรอง
หนังสือสำรอง
WY200 ย411ก ฉ.1 
  Barcode: 25478
ห้องสมุดวิทยาเขตนครสวรรค์
►หนังสือทั่วไป:l:General Books
บนชั้น
2. วิทยาศาสตร์การแพทย์ และสุขภาพ
วิทยาศาสตร์การแพทย์ และสุขภาพ
WY200 ย411ก ฉ.10 
  Barcode: 25487
ห้องสมุดวิทยาเขตนครสวรรค์
►หนังสือทั่วไป:l:General Books
บนชั้น
3. วิทยาศาสตร์การแพทย์ และสุขภาพ
วิทยาศาสตร์การแพทย์ และสุขภาพ
WY200 ย411ก ฉ.2 
  Barcode: 25479
ห้องสมุดวิทยาเขตนครสวรรค์
►หนังสือทั่วไป:l:General Books
บนชั้น
4. วิทยาศาสตร์การแพทย์ และสุขภาพ
วิทยาศาสตร์การแพทย์ และสุขภาพ
WY200 ย411ก ฉ.3 
  Barcode: 25480
ห้องสมุดวิทยาเขตนครสวรรค์
►หนังสือทั่วไป:l:General Books
บนชั้น
5. วิทยาศาสตร์การแพทย์ และสุขภาพ
วิทยาศาสตร์การแพทย์ และสุขภาพ
WY200 ย411ก ฉ.4 
  Barcode: 25481
ห้องสมุดวิทยาเขตนครสวรรค์
►หนังสือทั่วไป:l:General Books
บนชั้น
6. วิทยาศาสตร์การแพทย์ และสุขภาพ
วิทยาศาสตร์การแพทย์ และสุขภาพ
WY200 ย411ก ฉ.5 
  Barcode: 25482
ห้องสมุดวิทยาเขตนครสวรรค์
►หนังสือทั่วไป:l:General Books
บนชั้น
7. วิทยาศาสตร์การแพทย์ และสุขภาพ
วิทยาศาสตร์การแพทย์ และสุขภาพ
WY200 ย411ก ฉ.6 
  Barcode: 25483
ห้องสมุดวิทยาเขตนครสวรรค์
►หนังสือทั่วไป:l:General Books
บนชั้น
8. วิทยาศาสตร์การแพทย์ และสุขภาพ
วิทยาศาสตร์การแพทย์ และสุขภาพ
WY200 ย411ก ฉ.7 
  Barcode: 25484
ห้องสมุดวิทยาเขตนครสวรรค์
►หนังสือทั่วไป:l:General Books
บนชั้น
9. วิทยาศาสตร์การแพทย์ และสุขภาพ
วิทยาศาสตร์การแพทย์ และสุขภาพ
WY200 ย411ก ฉ.8 
  Barcode: 25485
ห้องสมุดวิทยาเขตนครสวรรค์
►หนังสือทั่วไป:l:General Books
ถูกยืม กำหนดส่งวันที่ 24 มิถุนายน 2569
  จอง
10. วิทยาศาสตร์การแพทย์ และสุขภาพ
วิทยาศาสตร์การแพทย์ และสุขภาพ
WY200 ย411ก ฉ.9 
  Barcode: 25486
ห้องสมุดวิทยาเขตนครสวรรค์
►หนังสือทั่วไป:l:General Books
บนชั้น

รายการใกล้เคียง
    ผู้แต่ง [ยุพา จิ๋วพัฒนกุล]

    หัวเรื่อง [การพยาบาล]
    หัวเรื่อง [การพยาบาล,ทฤษฎี]
    หัวเรื่อง [การพยาบาลในเคหสถาน]

BibComment


ยังไม่เคยถูกคอมเมนท์

คอมเมนท์ทรัพยากรรายการนี้
  คอมเมนท์: การพยาบาลครอบครั..


 Copyright 2026. Bcnsprnw @Library